The ancient Near East in pictures relating to the Old Testament /

محفوظ في:

المؤلف الرئيسي: Pritchard, James B. 1909-1997. (مؤلف)

التنسيق: كتاب

اللغة: English

منشور في: Princeton, N.J. : Princeton University Press, 1954.

الموضوعات:

الوسوم: إضافة وسم

لا توجد وسوم, كن أول من يضع وسما على هذه التسجيلة!

رقم الطلب: BS1180 .P833 1954

LEADER 00801nam a2200241I 4500
001 3209
003 OSt
005 20251016111910.0
008 130303s1954 njuabce b 000 0 eng d
010 |a 53010151 
015 |a GB55-7258 
040 |c ARCE Library 
050 4 |a BS1180 .P833 1954 
100 1 |a Pritchard, James B.  |q (James Bennett),  |d 1909-1997.  |e author 
245 1 4 |a The ancient Near East in pictures relating to the Old Testament /  |c James Bennett Pritchard. 
264 1 |a Princeton, N.J. :  |b Princeton University Press,  |c 1954. 
300 |a xvi, 351 pages :  |b illustrations, Portrait, maps, plans.  |c 29 cm. 
504 |a Includes bibliographical references. 
630 0 0 |a Bible.  |p O.T.  |x Antiquities. 
651 0 |a Middle East  |x Antiquities. 
901 |a reviewed 
942 |c BK  |2 lcc 
999 |c 8316  |d 8316